000 00613nam a2200229Ia 4500
008 160621s9999 xx 000 0 und d
020 _a0-07-222923-3
050 _aComSc TK 7887
050 _b.H65 2003
100 _aHolzman, Carey.
245 4 _aThe Healthy PC :
245 _bpreventive care and home remedies for your computer /
245 _cCarey Holzmnan.
260 _aNew York :
260 _bMcGraw-Hill,
260 _c2003
300 _a230 pages :
300 _billustrations ;
300 _c23 cm.
500 _aIncludes index.
650 _aMicrocomputers -- Maintenance and repair.
999 _c296102
_d296102